[Event "ZMDI Open A 2012"]
[Site "Dresden GER"]
[Date "2012.08.22"]
[Round "5"]
[White "Bade,Ha"]
[Black "Berni,Fa"]
[Result "1/2-1/2"]
[WhiteElo "2074"]
[BlackElo "2132"]

1.e4 d6 2.d4 Nf6 3.Nc3 Nbd7 4.f4 e5 5.Nf3 exd4 6.Qxd4 c6 7.Be3 d5 8.exd5 Bc5
9.Qd3 Qe7 10.Kd2 cxd5 11.Re1 O-O 12.Bd4 Qd6 13.g3 Bxd4 14.Qxd4 Nc5 15.Bd3 Qb6
16.b4 Nce4+ 17.Nxe4 dxe4 18.Qxb6 axb6 19.Bxe4 Rxa2 20.Bd3 Ra4 21.b5 Be6 22.Ra1 Rfa8  1/2-1/2

[Event "12th World Uni Men"]
[Site "Guimaraes POR"]
[Date "2012.08.22"]
[Round "5.11"]
[White "Vasques,A"]
[Black "Nayan,A"]
[Result "1/2-1/2"]
[WhiteElo "2214"]
[BlackElo "2085"]

1.e4 d6 2.d4 Nf6 3.Nc3 c6 4.f4 Qa5 5.Bd3 e5 6.dxe5 dxe5 7.fxe5 Ng4 8.Nf3 Nd7
9.e6 fxe6 10.h3 Nge5 11.Bf4 Bb4 12.O-O O-O 13.Bd2 Nxf3+ 14.Rxf3 Qc5+ 15.Be3 Qe5
16.Rxf8+ Nxf8 17.Qf3 Bd6 18.Rf1 Qh2+ 19.Kf2 Bd7 20.Ke2 Be8 21.Bc4 Bg6 22.Kd1 Qe5
23.Kc1 Bb4 24.Bf4 Qd4 25.Bd3 Bxc3 26.bxc3 Qxc3 27.Bd6 Nd7 28.h4 Qa1+ 29.Kd2 Qd4
30.h5 Qxd6 31.hxg6 Rf8 32.gxh7+ Kh8 33.Qe2  1/2-1/2

[Event "12th World Uni Men"]
[Site "Guimaraes POR"]
[Date "2012.08.22"]
[Round "6.11"]
[White "Botta,Ga"]
[Black "Nayan,A"]
[Result "1/2-1/2"]
[WhiteElo "2322"]
[BlackElo "2085"]

1.e4 d6 2.d4 Nf6 3.Nc3 c6 4.f4 Qa5 5.Bd3 e5 6.Nf3 Bg4 7.Be3 exf4 8.Bxf4 Qb4
9.a3 Bxf3 10.axb4 Bxd1 11.Kxd1 Be7 12.b5 O-O 13.Kd2 a6 14.Ra2 Nh5 15.Be3 cxb5
16.Nxb5 Nc6 17.Nc7 Rac8 18.Nd5 Rfe8 19.c3 Nf6 20.Nxf6+ Bxf6 21.b4 Na7 22.Rb1 g6
23.Rf1 Bg7 24.Ra5 Rc7 25.Bf4 Rc6 26.Rd5 Bf8 27.Ra1 b5 28.e5 dxe5 29.Bxe5 Bh6+
30.Kc2 Rec8 31.Rc5 Bf8 32.Rxc6 Nxc6 33.Kb3 Nxe5 34.dxe5 Bg7 35.Rxa6 Bxe5
36.c4 bxc4+ 37.Bxc4 Bxh2 38.Ra7 Rf8 39.b5 Kg7 40.Rd7 h5 41.b6 g5 42.b7 g4
43.Kc3  1/2-1/2

[Event "EY Boys U16 2012"]
[Site "Prague CZE"]
[Date "2012.08.22"]
[Round "6.9"]
[White "Bida,M"]
[Black "Tsydypov,Z"]
[Result "0-1"]
[WhiteElo "2213"]
[BlackElo "2328"]

1.e4 d6 2.d4 Nf6 3.Nc3 e5 4.Nf3 Nbd7 5.Bc4 Be7 6.O-O O-O 7.a4 c6 8.Re1 exd4
9.Nxd4 Ne5 10.Be2 Bd7 11.h3 Qc7 12.Bf4 Rae8 13.Qd2 Qb8 14.Rad1 a6 15.a5 h6
16.Bg3 Bd8 17.Nb3 Bc7 18.f4 Ng6 19.Bf3 d5 20.e5 Nh7 21.Bf2 Ne7 22.Bc5 Kh8
23.Na4 Rg8 24.Bh5 Ng6 25.Nb6 Bf5 26.Nd4 Be4 27.Ne2 Nh4 28.Bxf7 Bxg2 29.Nd4 Ng5
30.fxg5 Rxe5 31.Rxe5 Bxe5 32.Qe3 Bf4 33.Qe6 Bh2+ 34.Kf2 Qg3+ 35.Ke2 Bxh3
36.Bxg8 Bxe6 37.Bxe6 Ng2 38.Rf1 Qe3+ 39.Kd1 Bf4 40.Rxf4 Qe1+  0-1

[Event "12th Brasschaat Open"]
[Site "Brasschaat BEL"]
[Date "2012.08.23"]
[Round "6.6"]
[White "Leenaerts,R"]
[Black "Nijs,N"]
[Result "1/2-1/2"]
[WhiteElo "2218"]
[BlackElo "2275"]

1.e4 d6 2.d4 Nf6 3.Nc3 c6 4.f4 Qa5 5.Bd3 e5 6.Nf3 exd4 7.Nxd4 g6 8.O-O Bg7
9.Nce2 O-O 10.c3 Re8 11.Ng3 Nbd7 12.Be3 Qc7 13.Nb3 b6 14.Bc2 Bb7 15.Re1 c5
16.Nd2 h5 17.f5 h4 18.Ngf1 gxf5 19.exf5 h3 20.Nf3 hxg2 21.Ng3 Qc6 22.Ng5 d5
23.Nh5 d4 24.Bf2 Rxe1+ 25.Bxe1  1/2-1/2

[Event "87th ch-FRA 2012"]
[Site "Pau FRA"]
[Date "2012.08.23"]
[Round "10"]
[White "Fressinet,L"]
[Black "Maze,S"]
[Result "1-0"]
[WhiteElo "2714"]
[BlackElo "2573"]

1.e4 d6 2.d4 Nf6 3.Nc3 e5 4.Nf3 Nbd7 5.Bc4 Be7 6.O-O O-O 7.Re1 c6 8.a4 b6
9.b3 Bb7 10.Bb2 a6 11.Bd3 Re8 12.Ne2 Bf8 13.Ng3 g6 14.Qd2 Qc7 15.Rad1 Bg7
16.c4 Rad8 17.h3 Bc8 18.a5 c5 19.d5 Rf8 20.Bc3 Rde8 21.Rb1 Kh8 22.axb6 Qxb6
23.Ba5 Qa7 24.Bc2 Re7 25.b4 Ng8 26.bxc5 Nxc5 27.Bb6 Qa8 28.Qb4 Nb7 29.Ba4 Bd7
30.Bxd7 Rxd7 31.Qa4 Nf6 32.Be3 Rc7 33.Rb6 a5 34.Qb5 Nd7 35.Rc6 Qd8 36.Ra1 Ndc5
37.Ne2 Qe7 38.Nc3 Rfc8 39.Qb6 Qd7 40.Rxc7 Qxc7 41.Bxc5 Nxc5 42.Qxc7 Rxc7
43.Nb5 Rd7 44.Rxa5 Bf8 45.Ra8 Kg7 46.Nd2 Be7 47.f3 Bg5 48.Nf1 h5 49.Rc8 Be7
50.Ne3 h4 51.Kf1 Bg5 52.Nd1 Nd3 53.Nf2 Nf4 54.Rc6 Be7 55.Nd1 Rd8 56.Rc7 Bf8
57.Ra7 Rc8 58.Ne3 Rb8 59.Ke1 Nd3+ 60.Kd2 Nc5 61.Kc2 Rb6 62.Ng4 Ra6 63.Rxa6 Nxa6
64.Nf2 Nc5 65.Nd3 Nd7 66.Kc3 f5 67.Nc7 Kf6 68.Ne6 Bh6 69.c5 dxc5 70.Ndxc5 Nb6
71.Kb4 Ke7 72.Kb5 Nc8 73.Nb7 fxe4 74.fxe4 Be3 75.Nec5  1-0

[Event "4th Pilsen Open 2012"]
[Site "Plzen CZE"]
[Date "2012.08.23"]
[Round "7.1"]
[White "Vlasak,Lu"]
[Black "Neuman,P"]
[Result "0-1"]
[WhiteElo "2291"]
[BlackElo "2476"]

1.e4 d6 2.d4 Nf6 3.Nc3 e5 4.Nf3 Nbd7 5.Bc4 Be7 6.O-O O-O 7.Re1 c6 8.a4 a5
9.Ba2 exd4 10.Nxd4 Nc5 11.Bf4 Qb6 12.Qd2 Be6 13.Nxe6 fxe6 14.e5 dxe5 15.Bxe5 Kh8
16.Qe2 Nfd7 17.Bg3 Qxb2 18.Ne4 Nxe4 19.Qxe4 Nc5 20.Qc4 Qb4 21.Qxb4 axb4 22.Bxe6 Bf6
23.Rab1 Bc3 24.Bd6 Bxe1 25.Bxc5 Rf6 26.Rxe1 Re8 27.Bxb4 Rfxe6 28.Rd1 Re4  0-1

[Event "EY Boys U14 2012"]
[Site "Prague CZE"]
[Date "2012.08.23"]
[Round "7.41"]
[White "Radulescu,V"]
[Black "Morozov,N"]
[Result "1-0"]
[WhiteElo "1830"]
[BlackElo "2002"]

1.e4 d6 2.d4 Nf6 3.Nc3 Nbd7 4.Nf3 e5 5.Bc4 Be7 6.O-O O-O 7.a4 c6 8.Re1 b6
9.Bg5 h6 10.Bh4 a6 11.dxe5 Nxe5 12.Nxe5 dxe5 13.Bxf6 Bxf6 14.Qh5 Bg5 15.Red1 Qf6
16.Rd3 Qf4 17.Qe2 Be7 18.Rad1 Bc5 19.h3 b5 20.axb5 axb5 21.Rf3 Qg5 22.Bb3 Bd4
23.Kh1 Qh4 24.Rg3 Be6 25.Rf1 Bxb3 26.cxb3 b4 27.Na4 f5 28.exf5 Rxf5 29.Rg4 Qf6
30.Qc4+ Kh8 31.f3 h5 32.Re4 g5 33.Rc1 g4 34.fxg4 hxg4 35.Rxg4 Rf8 36.Kh2 c5
37.Nxc5 Bxc5 38.Qxc5 e4 39.Qc4 Qd6+ 40.Kh1 Rf4 41.Rxf4 Qxf4 42.Re1 Re8 43.Qxb4 Qf5
44.Qc3+ Kg8 45.Qg3+ Kh7 46.Rc1 Rc8 47.Rxc8 Qxc8 48.Qh4+  1-0

[Event "EY Boys U18 2012"]
[Site "Prague CZE"]
[Date "2012.08.23"]
[Round "7.29"]
[White "Sosovicka,J"]
[Black "Ostovic,M"]
[Result "0-1"]
[WhiteElo "2108"]
[BlackElo "2290"]

1.e4 d6 2.d4 Nf6 3.Nc3 e5 4.Nf3 Nbd7 5.Bc4 Be7 6.O-O O-O 7.Re1 c6 8.a4 a5
9.Ba2 exd4 10.Nxd4 Nc5 11.Qf3 Be6 12.Nxe6 fxe6 13.Qe2 Qb6 14.Be3 d5 15.e5 Nfd7
16.Bd4 Rf4 17.Qd2 Raf8 18.Ne2 Rxf2 19.Bxf2 Rxf2 20.Qd4 Rf5 21.Ng3 Rxe5 22.Kh1 Bf6
23.Qg4 Rxe1+ 24.Rxe1 Qxb2 25.Bb3 Qd4 26.Qh5 g6 27.Qe2 Ne5 28.Rd1 Qh4 29.Nf1 Ne4
30.g3 Nc3 31.gxh4 Nxe2 32.h5 Nc3 33.Re1 b5 34.Re3 b4 35.hxg6 hxg6 36.Nd2 c5
37.Nf3 Nxf3 38.Rxf3 Kf7 39.Rf4 e5 40.Rg4 Kg7 41.Kg2 e4 42.Bxd5 Nxd5 43.Rxe4 Kf7
44.Kf3 Nc3  0-1

[Event "11th Lichtenberger Sommer 2012"]
[Site "Berlin GER"]
[Date "2012.08.24"]
[Round "7.22"]
[White "Sawlin,L"]
[Black "Fischer,Daniel2"]
[Result "0-1"]
[WhiteElo "1952"]
[BlackElo "2114"]

1.e4 d6 2.d4 Nf6 3.Nc3 c6 4.f4 Qa5 5.Bd3 e5 6.dxe5 dxe5 7.f5 Nbd7 8.Nf3 b5
9.Bg5 Be7 10.O-O Qc7 11.Kh1 Nc5 12.Qe1 Bb7 13.a3 h6 14.Bh4 Nh5 15.Bxe7 Qxe7
16.b4 Nxd3 17.cxd3 O-O 18.Ne2 Rad8 19.Qc3 Rfe8 20.Nc1 Nf4 21.g3 Nh3 22.Nb3 Qd6
23.Nc5 Bc8 24.a4 a6 25.axb5 cxb5 26.Ne1 Ng5 27.Nc2 Nh7 28.Ra3 Nf6 29.Rfa1 Re7
30.Ne1 Rc7 31.Qb2 Qd4 32.Qxd4 Rxd4 33.Rb1 Nd7 34.Nxa6 Ra7 35.Nc2 Rd6 36.Nc5 Rxa3
37.Nxa3 Nxc5 38.bxc5 Rxd3 39.Nxb5 Bd7 40.Na7 Rc3 41.Rb8+ Kh7 42.Rb7 Ba4 43.Rc7 Bc2
44.c6 Bxe4+ 45.Kg1 f6 46.g4 Rc2 47.h3 Bf3 48.Rc8 h5 49.g5 fxg5 50.Re8 g4
51.hxg4 hxg4 52.Rxe5 g3 53.Re1 Rh2  0-1

[Event "11th Lichtenberger Sommer 2012"]
[Site "Berlin GER"]
[Date "2012.08.24"]
[Round "7.86"]
[White "Baatz,Karl-Heinz"]
[Black "Reichert,L"]
[Result "1-0"]
[WhiteElo "1807"]
[BlackElo "1733"]

1.e4 d6 2.d4 Nf6 3.Nc3 e5 4.Nf3 exd4 5.Nxd4 Be7 6.Bc4 O-O 7.O-O a6 8.Bf4 b5
9.Bd3 Bb7 10.Qf3 Nbd7 11.Rad1 Re8 12.Nf5 Bf8 13.Qg3 Kh8 14.Bg5 Ne5 15.Nd5 Bxd5
16.exd5 Nxd3 17.Rxd3 Ne4 18.Bxd8 Nxg3 19.Nxg3 Raxd8 20.Rc3 Rd7 21.f3 g6 22.Rc6 a5
23.b3 Bg7 24.Ra6 Bc3 25.Ne4 Bd4+ 26.Kh1 f5 27.Ng5 Re5 28.Ra8+ Kg7 29.Ne6+ Kh6
30.Nxd4 Rxd5 31.Ne2 Re7 32.Nc3 Rc5 33.Nd1 Rxc2 34.Rxa5 Ree2 35.Rg1 c6 36.a3 d5
37.b4 g5 38.h3 Kh5 39.Ra7 Kg6 40.a4 bxa4 41.Rxa4 d4 42.Ra3 Rc1 43.Rb3 Rd2
44.Nf2 Rc3 45.Rxc3 dxc3 46.Rc1 Rxf2 47.Rxc3 Rb2 48.Rxc6+ Kf7 49.Rb6 h5 50.b5 g4
51.hxg4 hxg4 52.fxg4 fxg4 53.Kh2 Rb4 54.Rb8 Kg7 55.b6 Kf7 56.b7 Kg7 57.g3 Kf7
58.Rh8  1-0

[Event "11th Lichtenberger Sommer 2012"]
[Site "Berlin GER"]
[Date "2012.08.24"]
[Round "7.45"]
[White "Barwich,Andreas"]
[Black "Hermannsdoerfer,F"]
[Result "0-1"]
[WhiteElo "1945"]
[BlackElo "2242"]

1.e4 d6 2.d4 Nf6 3.Nc3 e5 4.dxe5 dxe5 5.Qxd8+ Kxd8 6.Bc4 Ke8 7.Nf3 Bd6 8.h3 a6
9.a4 b6 10.O-O Bb7 11.Bd3 Nc6 12.b3 Nb4 13.Bb2 Nd7 14.Na2 Nxd3 15.cxd3 f6
16.Rfd1 Nc5 17.Rab1 Kf7 18.d4 exd4 19.Bxd4 Nxe4 20.Ne1 Rad8 21.Nd3 Rhe8 22.Be3 c5
23.a5 b5 24.Rbc1 Be7 25.f3 Ng3 26.Kf2 Nf5 27.Bxc5 Nd4 28.Bxe7 Rxe7 29.Nab4 Nxb3
30.Rc3 Nxa5 31.Re1 Rxe1 32.Kxe1 Rd4 33.Rc7+ Kf8 34.Kd2 Rc4 35.Rd7 Bc8 36.Rd8+ Ke7
37.Rg8 Kf7 38.Rd8 Nb3+ 39.Ke3 a5 40.Nd5 Bf5 41.Rb8 Bxd3 42.Rb7+ Ke6 43.Rxb5 Bc2
44.Nf4+ Kd6 45.Rb8 a4 46.Ra8 Rc3+ 47.Ke2 Rc5 48.Rd8+ Ke7  0-1

[Event "III Sarkany-Aranytiz IM"]
[Site "Budapest HUN"]
[Date "2012.08.24"]
[Round "7.4"]
[White "Szekeres,R"]
[Black "Berczes,C"]
[Result "1/2-1/2"]
[WhiteElo "2337"]
[BlackElo "2378"]

1.d4 d6 2.e4 Nf6 3.Nc3 e5 4.Nf3 Nbd7 5.Bc4 Be7 6.O-O O-O 7.Re1 c6 8.a4 b6
9.Bg5 Qc7 10.Nh4 exd4 11.Qxd4 Ne5 12.Ba2 h6 13.Bc1 Re8 14.h3 d5 15.Bf4 Bc5
16.Qd2 d4 17.Nd1 Qd8 18.b4 Bf8 19.Nb2 c5 20.bxc5 bxc5 21.Bxe5 Rxe5 22.Qf4 Qe8
23.Nd3 Bd6 24.Ng6 Rg5  1/2-1/2

[Event "ZMDI Open A 2012"]
[Site "Dresden GER"]
[Date "2012.08.24"]
[Round "7"]
[White "Rozov,B"]
[Black "Berni,Fa"]
[Result "1-0"]
[WhiteElo "2178"]
[BlackElo "2132"]

1.d4 Nf6 2.Nc3 d6 3.e4 Nbd7 4.Bg5 e5 5.Nf3 Be7 6.Bc4 O-O 7.Qd2 c6 8.Bb3 b5
9.a3 Rb8 10.O-O Qc7 11.Rad1 Re8 12.Rfe1 a5 13.h3 Bf8 14.Qe3 h6 15.Bh4 g6
16.Bg3 Nh5 17.Bh2 Nf4 18.Ne2 g5  1-0

[Event "21st Feffernitz Open"]
[Site "Feffernitz AUT"]
[Date "2012.08.24"]
[Round "7.3"]
[White "Manhardt,T"]
[Black "Okhotnik,V"]
[Result "0-1"]
[WhiteElo "2158"]
[BlackElo "2423"]

1.e4 d6 2.d4 Nf6 3.Nc3 e5 4.Nf3 Nbd7 5.Bc4 Be7 6.O-O O-O 7.a4 a5 8.h3 c6
9.Be3 Nxe4 10.Nxe4 d5 11.Nxe5 Nxe5 12.dxe5 dxc4 13.Nd6 Be6 14.Nxb7 Qb8 15.Nc5 Rd8
16.Qe2 Bd5 17.e6 Qxb2 18.exf7+ Kxf7 19.Rab1 Qe5 20.Rb7 Kg8 21.Qg4 h5 22.Qd4 Bf6
23.Qxe5 Bxe5 24.Rfb1 Bc3 25.Re7 Re8 26.Rxe8+ Rxe8 27.Rb7 Bf7 28.Nd7 Bg6 29.Nb6 Bxc2
30.Nxc4 Re4 31.Nb6 Rb4 32.Rb8+ Kh7 33.Rc8 Rb1+ 34.Kh2 Be4 35.Re8 Bd5 36.Rd8 Be5+
37.f4 Bc7  0-1

[Event "EY Boys U14 2012"]
[Site "Prague CZE"]
[Date "2012.08.24"]
[Round "8.41"]
[White "Yaver,Faik Emre"]
[Black "Marek,Mat"]
[Result "1-0"]
[WhiteElo "1782"]
[BlackElo "1975"]

1.e4 d6 2.d4 Nf6 3.Nc3 e5 4.Nf3 Nbd7 5.Bc4 Be7 6.O-O O-O 7.Re1 c6 8.a4 a5
9.Be3 Qc7 10.Bb3 h6 11.h3 Re8 12.Nh4 Nf8 13.Qf3 Ne6 14.Nf5 exd4 15.Nxd4 Nxd4
16.Bxd4 Bd8 17.Rad1 Be6 18.e5 dxe5 19.Bxe5 Qc8 20.Bd4 Bxb3 21.cxb3 Re6 22.Ne2 Bc7
23.Bc3 Nd5 24.Nd4 Rf6 25.Qg4 Qxg4 26.hxg4 Rg6 27.Re4 Rd6 28.Rde1 Nxc3 29.bxc3 Rad8
30.Re7 R8d7 31.Re8+ Kh7 32.Rc8 Bb6 33.Nf3 Rd1 34.Kf1 Rxe1+ 35.Kxe1 Re7+ 36.Kf1 Rd7
37.Ne5 Rd1+ 38.Ke2 Rb1 39.Nxf7 Rxb3 40.f4 g6 41.Kd3 Rb1 42.Ne5 Bd4 43.Ke2 Ra1
44.Rb8 Bc5 45.Rxb7+ Kg8 46.Nxg6 Rxa4 47.Kd3 Bd6 48.c4 Ra2 49.f5 Rxg2 50.f6 Bf8
51.Rb8 Kf7 52.Nxf8 Kxf6 53.Rb6 Ke7 54.Nh7 Kd6 55.Nf6 Rg1 56.Ne4+ Kc7 57.Ra6 Rxg4
58.Rxa5 Rh4 59.Rf5 Rh1 60.Kd4 Rh4 61.c5 h5 62.Ke3 Kb7 63.Rf4 Rh1 64.Rf7+ Ka6
65.Nd6 Ka5 66.Nb7+ Kb5 67.Kd4 h4 68.Nd6+ Ka4  1-0

[Event "EY Boys U18 2012"]
[Site "Prague CZE"]
[Date "2012.08.24"]
[Round "8.7"]
[White "Kriebel,T"]
[Black "Plat,V"]
[Result "1/2-1/2"]
[WhiteElo "2376"]
[BlackElo "2480"]

1.e4 d6 2.d4 Nf6 3.Nc3 e5 4.dxe5 dxe5 5.Qxd8+ Kxd8 6.Bg5 Be6 7.O-O-O+ Nd7
8.f4 exf4 9.Nf3 Kc8 10.Bxf4 Bb4 11.Bd3 Bxc3 12.bxc3 Nc5 13.a3 Ncxe4 14.Rhe1 Nf2
15.Rd2 Nxd3+ 16.cxd3 Nd7 17.Kc2 Re8 18.Rde2 Nc5 19.Be3 Bb3+ 20.Kb2 Nxd3+
21.Kxb3 Nxe1 22.Rxe1 b6 23.Bd4 Rxe1 24.Nxe1 f6 25.Kc4 Kd7 26.Kd3 Re8 27.Nc2 c5
28.Bf2 Kc6 29.a4 a6 30.c4 f5 31.Ne3 g6 32.Bh4 b5 33.axb5+ axb5 34.cxb5+ Kxb5
35.Nc4 Ra8 36.Bf6 Ra6 37.Be5 Ra7 38.g3 Rd7+ 39.Kc3 Rd1 40.Bf4 Kc6 41.Ne5+ Kd5
42.Nd7  1/2-1/2

[Event "EY Boys U18 2012"]
[Site "Prague CZE"]
[Date "2012.08.24"]
[Round "8.16"]
[White "Tomazini,Z"]
[Black "Nadirashvili,S"]
[Result "1-0"]
[WhiteElo "2345"]
[BlackElo "2151"]

1.e4 d6 2.d4 Nf6 3.Nc3 e5 4.Nf3 Nbd7 5.Bc4 Be7 6.O-O O-O 7.a4 a6 8.a5 h6
9.Re1 exd4 10.Qxd4 Ne5 11.Nxe5 dxe5 12.Qe3 Ng4 13.Qe2 Bc5 14.Nd1 Qh4 15.h3 Rd8
16.Bxf7+ Kh8 17.Be3 Nxe3 18.Nxe3 Qxe4 19.Qc4 Qc6 20.Bd5 Qb5 21.Qxb5 axb5
22.Bf3 c6 23.c3 Be6 24.b4 Be7 25.Nf1 Bf6 26.Be4 Kg8 27.Nh2 Bd5 28.Nf3 Kf7
29.Rac1 Bxe4 30.Rxe4 Rd5 31.Rce1 Re8 32.R1e3 c5 33.g4 c4 34.h4 g6 35.g5 hxg5
36.hxg5 Bg7 37.Kg2 Ke6 38.Nh4 Rd3 39.Nxg6 Rxe3 40.Rxe3 Kf5 41.Nh4+ Kxg5 42.Rg3+ Kxh4
43.Rxg7 e4 44.Rxb7 e3 45.fxe3 Rxe3 46.Rxb5 Rxc3 47.Rc5 Kg4 48.Kf2 Kf4 49.Ke2 Rc2+
50.Kd1 Ra2 51.Rxc4+ Ke3 52.Kc1 Kd3 53.Rc6 Ra4 54.Rb6 Kc3 55.Kb1 Ra3 56.a6 Rb3+
57.Ka2 Rb2+ 58.Ka3 Rb1 59.Rc6+ Kd4 60.Ka4  1-0

[Event "EY Boys U16 2012"]
[Site "Prague CZE"]
[Date "2012.08.24"]
[Round "8.2"]
[White "Drozdowski,K"]
[Black "Tsydypov,Z"]
[Result "1-0"]
[WhiteElo "2350"]
[BlackElo "2328"]

1.e4 d6 2.d4 Nf6 3.Nc3 e5 4.Nf3 Nbd7 5.Bc4 Be7 6.O-O O-O 7.a4 c6 8.Re1 exd4
9.Nxd4 Ne5 10.Ba2 Bd7 11.h3 Qc7 12.Be3 Rae8 13.f4 Ng6 14.Qf3 Bd8 15.Bf2 Qb8
16.Rad1 Ba5 17.Re2 a6 18.g4 h6 19.Nf5 Bxc3 20.bxc3 Be6 21.c4 Rd8 22.Bd4 d5
23.e5 Ne4 24.cxd5 cxd5 25.c4 Bxf5 26.gxf5 Nh4 27.Qg4 Nxf5 28.Qxf5 Ng3 29.Qg4 Nxe2+
30.Qxe2 dxc4 31.Bxc4 b5 32.axb5 axb5 33.Bb3 Kh8 34.Qe3 Qc8 35.Kh2 Qf5 36.Rd2 Rc8
37.Rg2 Rc7 38.e6 fxe6 39.Be5 Rff7 40.Bxe6  1-0

[Event "24th Schlosspark Open"]
[Site "Wiesbaden GER"]
[Date "2012.08.24"]
[Round "3.5"]
[White "Boidman,Y"]
[Black "Bauer,Cl"]
[Result "1-0"]
[WhiteElo "2427"]
[BlackElo "2183"]

1.e4 d6 2.d4 Nf6 3.Nc3 e5 4.Nf3 Nbd7 5.Bc4 Be7 6.dxe5 Nxe5 7.Be2 Nxf3+ 8.Bxf3 c6
9.Bf4 Qc7 10.Qe2 Be6 11.O-O-O O-O 12.g4 Rfe8 13.g5 Nd7 14.Bg4 Nf8 15.h4 b5
16.Kb1 Qa5 17.Bxe6 Nxe6 18.Qg4 Nc5 19.Bd2 b4 20.Ne2 Bf8 21.Ng3 Na4 22.Qf3 Rab8
23.h5 Qe5 24.Qb3 Nc5 25.Qc4 Nxe4 26.g6 d5 27.gxf7+ Kxf7 28.Qxc6 Rb6 29.Qa4 Rf6
30.Nxe4 dxe4 31.h6 gxh6 32.Be3 Bc5 33.Qb3+ Kg7 34.Rd5  1-0

[Event "11th Lichtenberger Sommer 2012"]
[Site "Berlin GER"]
[Date "2012.08.25"]
[Round "8.17"]
[White "Niehaus,F"]
[Black "Barwich,A"]
[Result "1-0"]
[WhiteElo "2208"]
[BlackElo "2011"]

1.e4 d6 2.d4 Nf6 3.Nc3 c6 4.f4 g6 5.a4 Bg7 6.Nf3 O-O 7.Bd3 b6 8.Qe2 a5 9.O-O Na6
10.e5 Nd5 11.Nxd5 cxd5 12.c3 Nc7 13.Bd2 Bd7 14.exd6 exd6 15.f5 Qe8 16.Qf2 Bxa4
17.Qh4 Bb5 18.Bxb5 Qxb5 19.f6 Bh8 20.Rae1 Rfe8 21.Ng5 h5 22.Nxf7 Kxf7 23.Re7+ Rxe7
24.fxe7+ Ke8 25.Rf8+ Kd7 26.Rd8+ Ke6 27.Qe1+ Be5 28.dxe5 dxe5 29.e8=Q+ Qxe8
30.Rxe8+ Rxe8 31.Qf2 d4 32.cxd4 e4 33.Qf4 Kd7 34.Qg5 Re6 35.Bf4 Kc6 36.Bxc7  1-0

[Event "e2e4 Hinckley Open 2012"]
[Site "Hinckley ENG"]
[Date "2012.08.25"]
[Round "2.16"]
[White "Wang,Maria"]
[Black "Shaw,P"]
[Result "0-1"]
[WhiteElo "1775"]
[BlackElo "2168"]

1.e4 d6 2.d4 Nf6 3.Nc3 c6 4.f4 Qa5 5.Bd3 e5 6.Be3 Ng4 7.Qd2 Nxe3 8.Qxe3 Qb6
9.Nge2 exd4 10.Qxd4 Qxb2 11.Rb1 Qa3 12.Qe3 Qc5 13.Qg3 g6 14.Na4 Qa5+ 15.Nac3 Bg7
16.Bc4 Qc5 17.Bb3 b5 18.Rd1 a5 19.a4 b4 20.Nb1 Ba6 21.Nd2 Nd7 22.Nf3 O-O
23.e5 d5 24.h4 Qe3 25.Qf2 Qxf2+ 26.Kxf2 Nc5 27.Ng3 f6 28.Rhe1 Rae8 29.exf6 Bxf6
30.h5 Bc3 31.Rxe8 Rxe8 32.hxg6 hxg6 33.Nd4 Bxd4+ 34.Rxd4 Kg7 35.Rd1 Ne4+
36.Nxe4 Rxe4 37.Kf3 Be2+  0-1

[Event "2nd Isthmia Open A"]
[Site "Korinthia GRE"]
[Date "2012.08.25"]
[Round "9.24"]
[White "Fragkou,E"]
[Black "Lagopatis,N"]
[Result "0-1"]
[WhiteElo "1931"]
[BlackElo "2213"]

1.e4 d6 2.d4 Nf6 3.Nc3 c6 4.f4 Qa5 5.Bd3 e5 6.Nf3 Bg4 7.dxe5 dxe5 8.h3 Bxf3
9.Qxf3 Nbd7 10.O-O exf4 11.Qxf4 Qe5 12.Qf3 Bc5+ 13.Be3 O-O 14.Rae1 Rfe8 15.Kh1 Bxe3
16.Qxe3 b5 17.Rf5 Qxf5 18.exf5 Rxe3 19.Rxe3 Kf8 20.Kg1 Nc5 21.Kf2 Rd8 22.Kf3 Rd4
23.g4 h6 24.Ne4 Nfd7 25.Nxc5 Nxc5 26.Be4 Rd6 27.Rc3 Nd7 28.b4 Ne5+ 29.Kf4 Nc4
30.Rd3 Ke7 31.Bg2 a6 32.Ke4 g6 33.Kf4 g5+ 34.Ke4 f6 35.Kf3 Ne5+ 36.Ke3 Nxd3
37.cxd3 Kd7 38.d4 Kc7 39.a3 Rd8 40.Kd3 a5 41.d5 axb4 42.axb4 cxd5 43.Kd4 Kc6
44.Bf3 Rd7 45.Bg2 Ra7 46.Bxd5+ Kd6 47.Bg2 Ra4 48.Kc3 Ra3+ 49.Kc2 Ra2+  0-1

[Event "EY Boys U16 2012"]
[Site "Prague CZE"]
[Date "2012.08.25"]
[Round "9.49"]
[White "Bocek,Tadeas"]
[Black "Smith,Patrick L"]
[Result "0-1"]
[WhiteElo "1830"]
[BlackElo "1771"]

1.e4 d6 2.d4 Nf6 3.Nc3 e5 4.Nf3 exd4 5.Nxd4 g6 6.Bg5 Bg7 7.Qd2 h6 8.Bf4 Nc6
9.f3 Nxd4 10.Qxd4 Nh5 11.Qd2 Nxf4 12.Qxf4 Be6 13.Bd3 Be5 14.Qe3 Qh4+ 15.Qf2 Qxf2+
16.Kxf2 c6 17.Ne2 O-O-O 18.c3 d5 19.f4 dxe4 20.Bxe4 Bc7 21.Ke3 Rhe8 22.Kf3 Rd2
23.Nd4 Bg4+ 24.Kxg4 Rxe4 25.g3 Re3 26.Rab1 f5+ 27.Kh4 Bb6 28.Nb3 Rf2  0-1

[Event "EY Girls U18 2012"]
[Site "Prague CZE"]
[Date "2012.08.25"]
[Round "9.13"]
[White "Koselova,Zuzana"]
[Black "Perera Borrego,M"]
[Result "1/2-1/2"]
[WhiteElo "1912"]
[BlackElo "2066"]

1.e4 d6 2.d4 Nf6 3.Nc3 e5 4.dxe5 dxe5 5.Qxd8+ Kxd8 6.Bg5 Be7 7.Nf3 Nbd7 8.Rd1 Ke8
9.Nb5 Bd8 10.Bd3 a6 11.Nc3 c6 12.Ne2 h6 13.Be3 g6 14.h3 Kf8 15.Nc1 Kg7 16.Nb3 b6
17.Bd2 Bb7 18.Bc3 Bc7 19.Nbd2 b5 20.b4 Rhe8 21.Nb3 Rad8 22.O-O Bb6 23.Bb2 Nh5
24.c4 bxc4 25.Bxc4 f6 26.Kh2 Nf8 27.Nfd2 Bc8 28.g3 Ne6 29.Be2 Nd4 30.Nc4 Nxe2
31.Nxb6 Be6 32.Nc5 Bxa2 33.Nxa6 Bb3 34.Rd7+ Rxd7 35.Nxd7 Ra8 36.Ra1 Kf7 37.Nac5 Rxa1
38.Bxa1 Bc4 39.Kg2 Ng7 40.Nb7 Ke7 41.Ndc5 Nc1 42.Bc3 Ne8 43.Bd2 Na2 44.Kf3 Nc7
45.Ke3 Bf1 46.Na5 Bb5 47.Nab3 Na8 48.f4 Nb6 49.Na5 exf4+ 50.gxf4 f5 51.Kd4 fxe4
52.Nxe4 Ke6 53.Kc5 Na4+ 54.Kd4 Nb2 55.Nf2 Kf5 56.Kc5 Na4+ 57.Kd6 Nxb4 58.Bxb4 Kxf4
59.Nxc6 Kg3 60.Ng4 h5 61.Nce5 Kxh3 62.Nf2+ Kg3 63.Nh1+ Kg2 64.Nxg6 Kxh1 65.Be1 Nb2
66.Nf4 Nd3 67.Nxh5 Nxe1 68.Nf4 Bc4 69.Kc5 Bf7 70.Kd4  1/2-1/2

[Event "EY Boys U14 2012"]
[Site "Prague CZE"]
[Date "2012.08.25"]
[Round "9.40"]
[White "Martins,Gu"]
[Black "Portela Peleteiro,A"]
[Result "0-1"]
[WhiteElo "1761"]
[BlackElo "1953"]

1.e4 d6 2.d4 Nf6 3.Nc3 Nbd7 4.Be3 e5 5.Nf3 Be7 6.Bc4 c6 7.O-O O-O 8.h3 Qc7
9.Bb3 b5 10.a3 a5 11.d5 Bb7 12.dxc6 Bxc6 13.Nd5 Nxd5 14.Bxd5 Nf6 15.Re1 Nxe4
16.Qd3 Nf6 17.Bxc6 Qxc6 18.Nd2 d5 19.c3 Rfd8 20.Qf5 e4 21.Nb3 g6 22.Qg5 Qb7
23.Nd4 Nh5 24.Qg4 Ng7 25.Qe2 Rab8 26.a4 b4 27.cxb4 Bxb4 28.Rec1 Rdc8 29.Bd2 Ne6
30.Nb5 Qe7 31.Qe1 Nf4 32.Bxb4 axb4 33.Rxc8+ Rxc8 34.Rc1 Rxc1 35.Qxc1 Ne2+  0-1

[Event "EY Boys U16 2012"]
[Site "Prague CZE"]
[Date "2012.08.25"]
[Round "9.5"]
[White "Beradze,I"]
[Black "Mirzoev,E"]
[Result "0-1"]
[WhiteElo "2331"]
[BlackElo "2241"]

1.e4 d6 2.d4 Nf6 3.Nc3 e5 4.Nf3 Nbd7 5.Bc4 Be7 6.O-O O-O 7.Re1 c6 8.a4 Qc7
9.Bg5 h6 10.Bh4 Re8 11.Bg3 Bf8 12.Qb1 exd4 13.Nxd4 Ne5 14.Bb3 Nh5 15.Re3 Be6
16.Nxe6 fxe6 17.Qa2 Qf7 18.Rf1 Kh8 19.Ne2 Nxg3 20.Rxg3 d5 21.f4 Bc5+ 22.Kh1 Qh5
23.Ng1 Ng4 24.Nh3 Nf6 25.e5 Ne4 26.Rd3 Rf8 27.Qb1 g5 28.Nxg5 Nxg5 29.fxg5 Rxf1+
30.Qxf1 Rf8 31.Rf3 Rxf3 32.gxf3 Qxg5 33.f4 Qg4 34.c3 Be3 35.Bd1 Qf5 36.Qg2 Bxf4
37.Qe2 Bxe5 38.Bc2 Qf4 39.Bd3 Kg7 40.h3 Kf6 41.Qf1 Qxf1+ 42.Bxf1 c5 43.Kg2 c4
44.Kf3 Kf5 45.Be2 a6 46.Bd1 b5 47.axb5 axb5 48.Bc2+ Kf6 49.h4 b4 50.cxb4 Bxb2
51.b5 Bd4 52.Bh7 Bb6 53.Ke2 Kg7 54.Bb1 e5 55.Bf5 Kf6 56.Bh7 e4 57.Kd2 Ke5
58.Bg8 Ba5+ 59.Kc2 Kd4 60.h5 Kc5  0-1

[Event "24th Schlosspark Open"]
[Site "Wiesbaden GER"]
[Date "2012.08.25"]
[Round "5.21"]
[White "Keil,Roland"]
[Black "Bauer,Cl"]
[Result "1/2-1/2"]
[WhiteElo "2024"]
[BlackElo "2183"]

1.e4 d6 2.Nc3 Nf6 3.d4 e5 4.dxe5 dxe5 5.Qxd8+ Kxd8 6.Bg5 Be6 7.Nf3 Nd7 8.a3 Bd6
9.Be2 h6 10.Be3 Ke7 11.Nd2 Bc5 12.Bxc5+ Nxc5 13.f3 c6 14.Bc4 b5 15.Bxe6 Nxe6
16.Ne2 Nd7 17.Kf2 Nb6 18.Rac1 Rhd8 19.Rhd1 Rd7 20.Nb1 Rad8 21.Rxd7+ Rxd7
22.b3 a5 23.Ke3 g6 24.g4 Rd8 25.h4 Kf6 26.Nd2 Nc5 27.Ng3 Ne6 28.Ne2 c5 29.Rb1 Nd4
30.Rb2 b4 31.Ra2 bxa3 32.Nxd4  1/2-1/2

[Event "11th Lichtenberger Sommer 2012"]
[Site "Berlin GER"]
[Date "2012.08.26"]
[Round "9.24"]
[White "Kollars,Dmitrij"]
[Black "Hermannsdoerfer,F"]
[Result "0-1"]
[WhiteElo "1996"]
[BlackElo "2242"]

1.e4 d6 2.d4 Nf6 3.Nc3 e5 4.Nf3 exd4 5.Nxd4 Be7 6.Be2 O-O 7.O-O Re8 8.f4 Bf8
9.Bf3 c5 10.Nb3 Nc6 11.Be3 Bf5 12.Nd2 Nd4 13.Re1 Nxf3+ 14.Qxf3 Bd7 15.h3 Bc6
16.Bf2 Qb6 17.Qd3 Rad8 18.Nd5 Bxd5 19.exd5 Rxe1+ 20.Bxe1 c4+  0-1

[Event "e2e4 Hinckley Open 2012"]
[Site "Hinckley ENG"]
[Date "2012.08.26"]
[Round "4.6"]
[White "Whitfield,C"]
[Black "Shaw,P"]
[Result "0-1"]
[WhiteElo "2020"]
[BlackElo "2168"]

1.e4 d6 2.d4 Nf6 3.Nc3 c6 4.Nf3 Bg4 5.Be3 e6 6.h3 Bh5 7.g4 Bg6 8.Nd2 d5 9.e5 Nfd7
10.Bg2 c5 11.Nb3 cxd4 12.Bxd4 Nc6 13.f4 Nxd4 14.Nxd4 Qh4+ 15.Kf1 Bc5 16.Nce2 Nb6
17.b3 O-O 18.Qe1 Qe7 19.Kg1 Bxc2 20.Kh2 Bd3 21.Qg3 Bxe2 22.Nxe2 Rac8 23.Rhf1 Ba3
24.Rad1 Rc2 25.Nd4 Rxa2 26.f5 Nd7 27.f6 gxf6 28.exf6 Nxf6 29.Nb5 Ne4  0-1